000 00493pab a2200169 454500
008 180718b2002 xxu||||| |||| 00| 0 eng d
100 _aSaha, Subhas Chandra
245 _aManagement of institutions of higher education in the North-East
260 _c2002
300 _ap.10-11.
362 _a29 Apr
650 _aEducation - India, North East
650 _aHigher education - India, North East
650 _aHigher education institutions
773 _aUniversity News
909 _a52423
999 _c52423
_d52423